Por mares desconocidos

Saved in:
Bibliografiske detaljer
Hovedforfatter: Taillemite, Etienne (Author)
Format: Bog
Sprog:spansk
Udgivet: Madrid Aguilar 1990
Serier:Aguilar Universal. Aventuras, 21
Fag:
Tags: Tilføj Tag
Ingen Tags, Vær først til at tagge denne postø!

MARC

LEADER 00000nam a2200000 a 4500
001 UCV8474
003 CL-VaPUC
008 910819e19900000SP |||||||||||||||||spa|d
082 0 4 |a 913.04  |b TAI  |2 21 
100 0 |a Taillemite, Etienne  |e author  |9 302523 
245 1 0 |a Por mares desconocidos 
300 |a 192 p 
942 |c BK 
945 |d 19910819 00:00:00 
260 |a Madrid  |b Aguilar  |c 1990 
500 |a Incluye cronología. 
500 |a Incluye índice de ilustraciones. 
500 |a Incluye índice alfabético. 
500 |a Título original: Sur de mers inconnues. 
500 |a Incluye notas bibliográficas. 
650 7 |a OCEANO PACIFICO NAVEGACION  |2 CL-VaPUC  |9 266711 
651 7 |a OCEANO PACIFICO EXPEDICIONES Y EXPLORACIONES  |2 CL-VaPUC  |9 266712 
583 |a last modification  |c 19910819 00:00:00  |k Rodrigo Vera 
490 0 |a Aguilar Universal. Aventuras, 21 
999 |c 213987  |d 213985 
952 |0 0  |1 0  |4 0  |6 913_040000000000000_TAI_1990  |7 0  |8 A  |9 196951  |a BIBARQ  |b BIBARQ  |d 2019-11-14  |i 2647060  |l 1  |o 913.04 TAI 1990  |p 2647060  |r 2025-01-20  |s 2024-10-25  |w 2019-11-14  |y BK  |k ARQ